000 00781cam a2200205 4500500
005 20260111080324.0
041 _afre
042 _adc
100 1 0 _aKhallouk, Ouafaa
_eauthor
245 0 0 _aLa préparation du budget de l’État au Maroc : une nouvelle procédure au service de la performance
260 _c2019.
500 _a19
690 _agestion par les résultats
690 _aindicateurs de performance
690 _aloi organique relative à la loi de finances (LOF)
690 _aMaroc
690 _aprogrammation budgétaire triennale
786 0 _nGestion & Finances Publiques | 2 | 2 | 2019-03-01 | p. 109-118 | 1969-1009
856 4 1 _uhttps://droit.cairn.info/revue-gestion-et-finances-publiques-2019-2-page-109?lang=fr&redirect-ssocas=7080
999 _c1616150
_d1616150